| 000 | 00729cab a2200253 4500 | ||
|---|---|---|---|
| 001 | WB3205-39 | ||
| 008 | 090401t1996 xxu||||| |||| 00| 0 eng d | ||
| 035 | _a(Sirsi) u14270 | ||
| 041 | _aeng | ||
| 245 | _aInsurance for approved inspectors | ||
| 260 | _c1996 | ||
| 350 | _a0 | ||
| 490 |
_aDoE News Release _v(32) 30 January 1996, (4) |
||
| 520 | _aAnnounces guidelines for schemes of insurance for approved inspectors supervising building work. | ||
| 650 | _aAPPROVED INSPECTORS | ||
| 650 | _aBUILDING ACT 1984 | ||
| 650 |
_aBUILDING CONTROL _96222 |
||
| 650 | _aBUILDING INSPECTORS | ||
| 650 |
_aInsurance _96249 |
||
| 690 | _aBUILT ENVIRONMENT | ||
| 690 |
_aINSURANCE _96249 |
||
| 942 | _n0 | ||
| 948 | _c04/03/1997 | ||
| 999 |
_c9275 _d9275 |
||